01546nam a2200289 a 450000100100000000500170001000800410002702000180006804000250008608200150011110000430012624501560016926000480032530000240037349000100039759000260040770000350043371000610046883000170052995201190054695201130066595201190077895201140089795201140101195201140112599900170123900004700720201002053300.0091120s2015 dr a r 001 0 spa d z9789945595032 aDO-SdBNPbspacBNPHU axxxxbxxxx1 aJesús de la Rosa, María del92983310aCaligrafía hispaniola 3 :btercer grado, primer ciclo educación primaria /cMaría del Jesús de la Rosa ; corrección de texto Danilda Pérez. aSanto Domingo :bActualidad escolar,c2015. av. :bil. ;c28 cm.1 aVeraz aInventariado, 2018/VM1 aPérez, Danildaecorr.9737782 aActualidad escolar 2000, (República Dominicana)973571 0aVeraz974848 0010718DSaGRbGRcHDd2018-04-11iLF1l0oxxxx xxxxp47007-30r2020-06-25te. 3w2020-06-25yLFDSZNo se presta 0010718PDaPDbPDcHDd2018-04-11iLF1l0oxxxx xxxxp47007-10r2020-06-25w2020-06-25yLFPDZNo se presta 0010718PDaPDbPDcHDd2018-04-11iLF1l0oxxxx xxxxp47007-20r2020-06-25te. 2w2020-06-25yLFPDZNo se presta 00107-18PDaGRbGRcOId2018-04-11iLF1l0oxxxx xxxxp47008-30r2020-06-25w2020-06-25yLFPDZNo se presta 00107-18PDaPDbPDcOId2018-04-11iLF1l0oxxxx xxxxp47008-10r2020-06-25w2020-06-25yLFPDZNo se presta 00107-18PDaPDbPDcOId2018-04-11iLF1l0oxxxx xxxxp47008-20r2020-06-25w2020-06-25yLFPDZNo se presta c46495d46495